| 000 | 00660nam a22002177a 4500 | ||
|---|---|---|---|
| 005 | 20251108173321.0 | ||
| 008 | 250721s2005 xx 000 0 ara d | ||
| 020 | _a9957466208 | ||
| 082 | 1 | 4 | _a216.532/بطا |
| 100 | 1 | _aبطاينة، نور | |
| 245 | 1 | 0 | _aمنهج تربية الطفل في الإسلام / |
| 264 | 1 |
_aعمان : _bعالم الكتب الحديث، _c2005. |
|
| 300 | _a170 ص. | ||
| 650 | 1 | 7 | _aالتربية الإسلامية |
| 650 | 1 | 7 | _aتنشئة الاطفال |
| 650 | 1 | 7 | _aرعاية الأمومة |
| 650 | 1 | 7 | _aرعاية الطفولة |
| 700 | 1 | _aأمين، زليخا | |
| 942 |
_2ddc _cBK |
||
| 999 |
_c101085 _d101085 |
||